| 000 | 00000nam##2200000za#4500 |
| 001 | 9.578879 |
| 003 | CaOODSP |
| 005 | 20210624190308 |
| 007 | cr ||||||||||| |
| 008 | 150406|1990||||xxc|||||o f|0| 0 eng|d |
| 022 | |a1488-5379 |
| 040 | |aCaOODSP|beng |
| 043 | |an-cn--- |
| 086 | 1 |aFs97-6/1720E-PDF |
| 110 | 1 |aCanada. |bDepartment of Fisheries and Oceans. |
| 245 | 10|aDistributions of stonefly (Plecoptera) and caddisfly (Trichoptera) species in three stream systems in New Brunswick and Nova Scotia, Canada, with reference to stream acidity / |h[electronic resource]|c[by] R.H. Peterson and L. van Eeckhaute. |
| 260 | |aHalifax - Nova Scotia : |bFisheries and Oceans Canada |c1990. |
| 300 | |a49p.|bfigs., references, tables |
| 490 | 1 |aCanadian technical report of fisheries and aquatic sciences|x1488-5379|vNo. 1720 |
| 500 | |aOn t.p.: Biological Station, St. Andrews, New Brunswick. The catalogue number and ISSN for the print edition appear in the PDF version. |
| 546 | |a(Résumé en français) |
| 590 | |a14-04-Supp|b2014-02-05 |
| 720 | 1 |aPeterson, R. H. |
| 720 | 1 |aVan Eeckhaute, L. |
| 830 | #0|aCanadian technical report of fisheries and aquatic sciences,|x1488-5379|vNo. 1720|w(CaOODSP)9.504449 |
| 856 | 40|ahttp://publications.gc.ca|qPDF|s5523 KB|uhttps://publications.gc.ca/collections/collection_2014/mpo-dfo/Fs97-6-1720-eng.pdf|yNo. 1720 |